Miseria de la filosofía
Gardado en:
| Autor Principal: | |
|---|---|
| Formato: | Libro |
| Idioma: | Lingua castelá |
| Publicado: |
Madrid
SARPE
1984
|
| Edición: | 1a. ed |
| Series: | Los Grandes Pensadores, 61
|
| Subjects: | |
| Tags: |
Engadir etiqueta
Sen Etiquetas, Sexa o primeiro en etiquetar este rexistro!
|
MARC
| LEADER | 00000cam a2200000 a 4500 | ||
|---|---|---|---|
| 001 | UCE2302 | ||
| 003 | CL-VaPUC | ||
| 005 | 20220118074221.0 | ||
| 008 | 140619e19840000sp |||||||||||||||||spa|d | ||
| 999 | |c 355940 |d 355938 | ||
| 020 | |a 8459904398 | ||
| 040 | |c Pontificia Universidad Católica de Valparaíso | ||
| 082 | 0 | 4 | |a 335.4 |b MAR |2 21 |
| 100 | |a Marx, Karl Heinrich |e autor |9 863668 | ||
| 245 | 1 | 0 | |a Miseria de la filosofía |
| 250 | |a 1a. ed | ||
| 260 | |a Madrid |b SARPE |c 1984 | ||
| 300 | |a 206 p | ||
| 490 | 0 | |a Los Grandes Pensadores, 61 | |
| 583 | |a last modification |c 20140619 13:53:00 |k Rodrigo Vera | ||
| 650 | 7 | |a MARXISMO |2 CL-VaPUC |9 574759 | |
| 650 | 0 | |a Socialismo |9 255260 | |
| 650 | 0 | |a Filosofía marxista |9 337959 | |
| 942 | |c BK |2 ddc | ||
| 945 | |d 20140619 13:53:00 |a dcastane | ||
| 952 | |0 0 |1 0 |3 erd |4 0 |6 335_400000000000000_MAR_1984 |7 0 |8 X |9 462927 |a FDOBUD |b FDOBUD |i 5042925 |o 335.4 MAR 1984 |p 5042925 |r 2019-11-23 |w 2019-11-23 |y BK_X |z Catalogado en:20140619 |k BUD | ||